|
|
|
|
| LEADER |
03031nam a2200745 i 4500 |
| 001 |
nkc20152736057 |
| 003 |
CZ PrNK |
| 005 |
20180704235016.0 |
| 007 |
ta |
| 008 |
151008s2015 xr ace e f 000 0 cze |
| 015 |
|
|
|a cnb002736057
|
| 020 |
|
|
|a 978-80-7037-257-9
|q (brožováno)
|
| 035 |
|
|
|a (OCoLC)932000569
|
| 040 |
|
|
|a BOA001
|b cze
|e rda
|
| 043 |
|
|
|a e-xr---
|b e-xr-pl
|2 czenas
|
| 045 |
|
|
|a y0y1
|
| 072 |
|
7 |
|a 71
|x Územní plánování. Urbanismus. Památková péče
|2 Konspekt
|9 21
|
| 080 |
|
|
|a 904
|2 MRF
|
| 080 |
|
|
|a 005.591
|2 MRF
|
| 080 |
|
|
|a 7.025.3/.4
|2 MRF
|
| 080 |
|
|
|a 69.059.25
|2 MRF
|
| 080 |
|
|
|a 69.01/.03:72.025.5
|2 MRF
|
| 080 |
|
|
|a 069.5
|2 MRF
|
| 080 |
|
|
|a 69(091)
|2 MRF
|
| 080 |
|
|
|a (437.317)
|2 MRF
|
| 080 |
|
|
|a (036)
|2 MRF
|
| 100 |
1 |
|
|a Kodera, Pavel,
|d 1974-
|7 js20050404009
|4 aut
|
| 245 |
1 |
0 |
|a Národní technické muzeum :
|b Centrum stavitelského dědictví v Plasích : kronika projektu /
|c Pavel Kodera, Karel Ksandr
|
| 246 |
3 |
0 |
|a Centrum stavitelského dědictví v Plasích
|
| 250 |
|
|
|a Vydání první
|
| 264 |
|
1 |
|a Praha :
|b Národní technické muzeum,
|c 2015
|
| 300 |
|
|
|a 112 stran :
|b ilustrace (převážně barevné), portréty, plány ;
|c 30 cm
|
| 336 |
|
|
|a text
|b txt
|2 rdacontent
|
| 336 |
|
|
|a statický obraz
|b sti
|2 rdacontent
|
| 337 |
|
|
|a bez média
|b n
|2 rdamedia
|
| 338 |
|
|
|a svazek
|b nc
|2 rdacarrier
|
| 500 |
|
|
|a 1000 výtisků
|
| 610 |
2 |
7 |
|a Klášter cisterciáků (Plasy, Česko)
|7 kn20020403004
|2 czenas
|
| 610 |
2 |
7 |
|a Národní technické muzeum (Praha, Česko)
|7 kn20010709076
|2 czenas
|
| 610 |
2 |
7 |
|a Centrum stavitelského dědictví v Plasích (projekt)
|7 pna2012735144
|2 czenas
|
| 648 |
|
4 |
|a 2005-2015
|
| 650 |
0 |
7 |
|a kulturní památky
|7 ph115033
|z Česko
|2 czenas
|
| 650 |
0 |
7 |
|a programy a projekty
|7 ph255086
|z Česko
|2 czenas
|
| 650 |
0 |
7 |
|a obnova a rekonstrukce památek
|7 ph168233
|z Česko
|2 czenas
|
| 650 |
0 |
7 |
|a revitalizace budov
|7 ph632346
|z Česko
|2 czenas
|
| 650 |
0 |
7 |
|a konverze staveb
|7 ph221977
|z Česko
|2 czenas
|
| 650 |
0 |
7 |
|a muzejní sbírky
|7 ph137908
|z Česko
|2 czenas
|
| 650 |
0 |
7 |
|a dějiny stavebnictví
|7 ph508878
|2 czenas
|
| 650 |
0 |
9 |
|a cultural monuments
|z Czechia
|2 eczenas
|
| 650 |
0 |
9 |
|a renewal and reconstruction of monuments
|z Czechia
|2 eczenas
|
| 650 |
0 |
9 |
|a building renewal
|z Czechia
|2 eczenas
|
| 650 |
0 |
9 |
|a building conversion and renovation
|z Czechia
|2 eczenas
|
| 650 |
0 |
9 |
|a museum collections
|z Czechia
|2 eczenas
|
| 650 |
0 |
9 |
|a history of construction
|2 eczenas
|
| 651 |
|
7 |
|a Plasy (Česko)
|7 ge130431
|2 czenas
|
| 651 |
|
9 |
|a Plasy (Czechia)
|2 eczenas
|
| 655 |
|
7 |
|a informační publikace
|7 fd132454
|2 czenas
|
| 655 |
|
9 |
|a information publications
|2 eczenas
|
| 700 |
1 |
|
|a Ksandr, Karel
|7 mzk2004221738
|4 aut
|
| 856 |
4 |
1 |
|u http://www.digitalniknihovna.cz/mzk/uuid/uuid:b8d1a6f0-e3b6-11e7-8d21-005056827e52
|y Digitalizovaný dokument
|x NDK
|
| 910 |
2 |
|
|a BOA001
|b 4-1354.560
|
| 990 |
|
|
|a BK
|
| 995 |
|
|
|a 01
|
| 991 |
|
|
|b 201510
|c NOV
|e n
|
| 996 |
6 |
|
|b 2610647103
|c 4-1354.560
|l MZK
|r Sklad / do 1 hodiny
|n 3
|p p.v.
|w 001526946
|u 000010
|a 1
|e BOA001
|j MZK50
|s P
|